|
|
|
|
| LEADER |
01468nam a2200385Ia 4500 |
| 001 |
EBC3018834 |
| 003 |
MiAaPQ |
| 005 |
20200520144314.0 |
| 006 |
m o d | |
| 007 |
cr cn||||||||| |
| 008 |
110118s2010 nyuab sb 001 0 eng d |
| 010 |
|
|
|z 2010484582
|
| 020 |
|
|
|z 9781616682491 (hbk.)
|
| 020 |
|
|
|z 9781611224559
|
| 035 |
|
|
|a (MiAaPQ)EBC3018834
|
| 035 |
|
|
|a (Au-PeEL)EBL3018834
|
| 035 |
|
|
|a (CaPaEBR)ebr10661773
|
| 035 |
|
|
|a (OCoLC)676837702
|
| 040 |
|
|
|a MiAaPQ
|c MiAaPQ
|d MiAaPQ
|
| 043 |
|
|
|a n-us---
|
| 050 |
|
4 |
|a HD9581.U5
|b N34158 2010
|
| 245 |
0 |
0 |
|a Natural gas markets and lessons learned
|h [electronic resource] /
|c E. K. Cho, editor.
|
| 260 |
|
|
|a New York :
|b Nova Science Publishers,
|c c2010.
|
| 300 |
|
|
|a viii, 144 p.
|b ill. (chiefly col.), maps (some col.).
|
| 490 |
0 |
|
|a Energy politicies, politics and prices
|
| 504 |
|
|
|a Includes bibliographical references and index.
|
| 533 |
|
|
|a Electronic reproduction. Ann Arbor, MI : ProQuest, 2015. Available via World Wide Web. Access may be limited to ProQuest affiliated libraries.
|
| 650 |
|
0 |
|a Gas industry
|z United States.
|
| 650 |
|
0 |
|a Gas industry
|x Prices
|z United States.
|
| 650 |
|
0 |
|a Energy consumption
|z United States.
|
| 650 |
|
0 |
|a Gas industry
|x Government policy
|z United States.
|
| 655 |
|
4 |
|a Electronic books.
|
| 700 |
1 |
|
|a Cho, E. K.
|
| 710 |
2 |
|
|a ProQuest (Firm)
|
| 856 |
4 |
0 |
|u https://ebookcentral.proquest.com/lib/matrademy/detail.action?docID=3018834
|z Click to View
|